|
|
|
|
| LEADER |
00000cam a2200000 7i4500 |
| 001 |
0000001517 |
| 002 |
000001663 |
| 005 |
20000330.0 |
| 020 |
|
|
|a 9837400226
|
| 090 |
0 |
0 |
|a JF
|b ADI
|
| 100 |
0 |
|
|a Adibah Amin
|
| 245 |
1 |
0 |
|a Nenek saya
|c Adibah Amin
|
| 260 |
|
|
|a Petaling Jaya :
|b Longman ,
|c 1993
|
| 300 |
|
|
|a 14p. :
|b ill ;
|c 24cm.
|
| 650 |
0 |
0 |
|a Children's stories
|
| 999 |
|
|
|a 034164
|b BUKU
|c PINJAMAN
|e PERPUSTAKAAN KOMUNITI PETALING JAYA
|
| 999 |
|
|
|a 034165
|b BUKU
|c PINJAMAN
|e PERPUSTAKAAN KOMUNITI PETALING JAYA
|
| 999 |
|
|
|a 034166
|b BUKU
|c JUNIOR FICTION
|e PERPUSTAKAAN KOMUNITI PETALING JAYA
|